Africa Theastre Women. (Record no. 3312)

MARC details
000 -LEADER
fixed length control field 00362nam a22001217a 4500
005 - DATE AND TIME OF LATEST TRANSACTION
control field 20201124125456.0
008 - FIXED-LENGTH DATA ELEMENTS--GENERAL INFORMATION
fixed length control field 201124b ||||| |||| 00| 0 eng d
020 ## - INTERNATIONAL STANDARD BOOK NUMBER
International Standard Book Number 0852555962
040 ## - CATALOGING SOURCE
Transcribing agency CML
245 ## - TITLE STATEMENT
Title Africa Theastre Women.
Statement of responsibility, etc. Plastow J.
260 ## - PUBLICATION, DISTRIBUTION, ETC.
Place of publication, distribution, etc. Germany.
Name of publisher, distributor, etc. Witwatersrand University.
Date of publication, distribution, etc. 2002
942 ## - ADDED ENTRY ELEMENTS (KOHA)
Source of classification or shelving scheme Dewey Decimal Classification
Koha item type Books
Edition 1`st Edition
Classification part 938.9
Call number suffix BAN
Holdings
Withdrawn status Lost status Source of classification or shelving scheme Damaged status Not for loan Collection code Home library Current library Shelving location Date acquired Total Checkouts Full call number Barcode Date last seen Copy number Price effective from Koha item type
    Dewey Decimal Classification     Geography & History Chalimbana Main Library Chalimbana Main Library Geography & History 11/24/2020   938.9 BAN 9780253215390 11/24/2020 1 11/24/2020 Books

Powered by Koha